<?xml version="1.0" encoding="UTF-8"?>
<record
    xmlns:xsi="http://www.w3.org/2001/XMLSchema-instance"
    xsi:schemaLocation="http://www.loc.gov/MARC21/slim http://www.loc.gov/standards/marcxml/schema/MARC21slim.xsd"
    xmlns="http://www.loc.gov/MARC21/slim">

  <leader>00846nam a22002417a 4500</leader>
  <controlfield tag="005">20240530110359.0</controlfield>
  <controlfield tag="008">150117s2009    ua     g b    000 0 ara d</controlfield>
  <datafield tag="017" ind1=" " ind2=" ">
    <subfield code="a">2009/9910</subfield>
    <subfield code="b">&#x645;&#x635;&#x631; . &#x62F;&#x627;&#x631; &#x627;&#x644;&#x643;&#x62A;&#x628; &#x627;&#x644;&#x645;&#x635;&#x631;&#x64A;&#x629;</subfield>
  </datafield>
  <datafield tag="020" ind1=" " ind2=" ">
    <subfield code="a">9789776276659</subfield>
  </datafield>
  <datafield tag="040" ind1=" " ind2=" ">
    <subfield code="a">EG-CaGPL</subfield>
  </datafield>
  <datafield tag="041" ind1="0" ind2=" ">
    <subfield code="a">ara</subfield>
  </datafield>
  <datafield tag="082" ind1="0" ind2="4">
    <subfield code="2">21</subfield>
    <subfield code="a">920.7\</subfield>
    <subfield code="b">&#x645; &#x646;</subfield>
  </datafield>
  <datafield tag="100" ind1="0" ind2=" ">
    <subfield code="a">&#x645;&#x62C;&#x62F;&#x649; &#x633;&#x64A;&#x62F; &#x639;&#x628;&#x62F;&#x627;&#x644;&#x639;&#x632;&#x64A;&#x632;</subfield>
  </datafield>
  <datafield tag="245" ind1="1" ind2="0">
    <subfield code="a">&#x646;&#x647;&#x627;&#x64A;&#x627;&#x62A; &#x627;&#x644;&#x645;&#x634;&#x627;&#x647;&#x64A;&#x631; : </subfield>
    <subfield code="b">&#x627;&#x644;&#x645;&#x634;&#x647;&#x62F; &#x627;&#x644;&#x627;&#x62E;&#x64A;&#x631; &#x641;&#x649; &#x62D;&#x64A;&#x627;&#x629; &#x647;&#x624;&#x644;&#x627;&#x621; /</subfield>
    <subfield code="c">&#x645;&#x62C;&#x62F;&#x649; &#x633;&#x64A;&#x62F; &#x639;&#x628;&#x62F;&#x627;&#x644;&#x639;&#x632;&#x64A;&#x632; </subfield>
  </datafield>
  <datafield tag="250" ind1=" " ind2=" ">
    <subfield code="a">&#x637; 1</subfield>
  </datafield>
  <datafield tag="260" ind1=" " ind2=" ">
    <subfield code="a">&#x627;&#x644;&#x642;&#x627;&#x647;&#x631;&#x629; : </subfield>
    <subfield code="b">&#x62F;&#x627;&#x631; &#x627;&#x644;&#x639;&#x627;&#x644;&#x645; &#x627;&#x644;&#x639;&#x631;&#x628;&#x649; &#x60C;</subfield>
    <subfield code="c">2009</subfield>
  </datafield>
  <datafield tag="300" ind1=" " ind2=" ">
    <subfield code="a">167 &#x635; &#x61B; </subfield>
    <subfield code="c">24 &#x633;&#x645;</subfield>
  </datafield>
  <datafield tag="504" ind1=" " ind2=" ">
    <subfield code="a">&#x628;&#x628;&#x644;&#x64A;&#x648;&#x62C;&#x631;&#x627;&#x641;&#x64A;&#x629; : &#x635; 164 - 167</subfield>
  </datafield>
  <datafield tag="650" ind1="0" ind2="4">
    <subfield code="a">&#x627;&#x644;&#x633;&#x64A;&#x627;&#x633;&#x64A;&#x648;&#x646;</subfield>
    <subfield code="x">&#x62A;&#x631;&#x627;&#x62C;&#x645;</subfield>
  </datafield>
  <datafield tag="650" ind1="0" ind2="4">
    <subfield code="a">&#x62A;&#x631;&#x627;&#x62C;&#x645;</subfield>
  </datafield>
  <datafield tag="942" ind1=" " ind2=" ">
    <subfield code="2">ddc</subfield>
    <subfield code="c">BK</subfield>
  </datafield>
  <datafield tag="999" ind1=" " ind2=" ">
    <subfield code="c">60221</subfield>
    <subfield code="d">60221</subfield>
  </datafield>
  <datafield tag="952" ind1=" " ind2=" ">
    <subfield code="0">0</subfield>
    <subfield code="1">0</subfield>
    <subfield code="4">0</subfield>
    <subfield code="7">0</subfield>
    <subfield code="a">CAI</subfield>
    <subfield code="b">CAI</subfield>
    <subfield code="d">2015-01-17</subfield>
    <subfield code="l">0</subfield>
    <subfield code="o">920.7\ &#x645; &#x646;</subfield>
    <subfield code="p">159226</subfield>
    <subfield code="r">2015-01-17 00:00:00</subfield>
    <subfield code="w">2015-01-17</subfield>
    <subfield code="y">BK</subfield>
  </datafield>
</record>
